00477nam a2200157Ia 4500003000900000008004100009020001800050040001600068080002200084110003500106245008400141260004200225300001000267650001600277650002600293IN-BaIIA211028s9999 xx 000 0 eng d a0-900414-66-9 cIIA Library a77(083.8)bBJP-00 aBritish Journal of Photography 4aThe big book 2000cBritish Journal of Photography  aLondonbTimothy Benn Publishingc2000 a272p. aPhotography aPhotography catalogue